Human capital migration, direct investment, and the transfer of technology : an examination of Americans privately employed overseas /

Saved in:
Bibliographic Details
Main Author: Yudin, Elinor Barry, 1940-
Format: Book
Language:English
Published: New York : Arno Press, 1976, c1969.
Series:American business abroad
Subjects:
LEADER 01356nam a2200325 i 4500
001 c000241937
003 CARM
005 00000000000000.0
008 840306c19761969nyu b 000 0 eng d
019 1 |a 169317  |5 LACONCORD2021 
020 |a 0405093101 
035 |a (OCoLC)2224929  |5 LACONCORD2021 
043 |a n-us--- 
082 0 4 |a 331.1/27 
100 1 |a Yudin, Elinor Barry,  |d 1940- 
245 1 0 |a Human capital migration, direct investment, and the transfer of technology :  |b an examination of Americans privately employed overseas /  |c Elinor Barry Yudin. 
260 |a New York :  |b Arno Press,  |c 1976, c1969. 
300 |a 276 p. ;  |c 24 cm. 
440 0 |a American business abroad 
500 |a Originally presented as the author's thesis, Columbia University, 1968. 
504 |a Bibliography: p. 268-276. 
650 0 |a Brain drain. 
650 0 |a Corporations, American  |x Employees. 
650 0 |a Human capital. 
650 0 |a Investments, American. 
852 8 |b CARM  |h A1:AQ19D0  |i C09076  |p 0371440  |f BK 
852 8 |b CARM  |h A1:AL27B0  |i B10420  |p 0488352  |f BK 
999 f f |i 4f1bd474-ffdb-5064-a545-d556998b6844  |s f9135fbf-5d5e-5a28-8a2d-ded34930b20f 
952 f f |p Can circulate  |a CAVAL  |b CAVAL  |c CAVAL  |d CARM 1 Store  |e C09076  |f A1:AQ19D0  |h Other scheme  |i book  |m 0371440 
952 f f |p Can circulate  |a CAVAL  |b CAVAL  |c CAVAL  |d CARM 1 Store  |e B10420  |f A1:AL27B0  |h Other scheme  |i book  |m 0488352